000 00212 a2200109 4500
001 51021
040 _cAnchieta - Pituba
240 1 0 _aTalentos 2007
_l
245 1 0 _aTalentos 2007
650 4 _aMúsica
942 _cMX
999 _c51021
_d51021